[Event "49th URS-ch"]
[Site "Frunze URS"]
[Date "1981.12.??"]
[Round "4"]
[White "Tseshkovsky, Vitaly"]
[Black "Agzamov, Georgy"]
[Result "0-1"]
[WhiteElo "2575"]
[BlackElo "2435"]
[EventDate "1981.11.27"]
[PlyCount "88"]

1.e4 e5 2.Nf3 Nc6 3.Bb5 a6 4.Ba4 Nf6 5.O-O Nxe4 6.d4 b5 7.Bb3 d5 8.dxe5 
Be6 9.Nbd2 Nc5 10.c3 Bg4 11.h3 Bh5 12.Bc2 Be7 13.Re1 O-O 14.Nb3 Ne6 15.g4 
Bg6 16.Bf5 Qd7 17.Be3 ( 17.h4 h5 18.Ng5 Bxf5 19.gxf5 Nxg5 20.hxg5 Qxf5 21.
Qxd5 Qg4+ 22.Qg2 Nd8 ) 17...Ncd8 18.Kh1 a5 ( 18...Nb7 ) 19.Qe2 a4 20.Nbd4 
Rb8 21.Bd3 Bxd3 22.Qxd3 Nc5 23.Qf1 Ne4 24.Rad1 Ne6 ( 24...a3 25.Nf5 c6 ) 
25.Nf5 c6 26.a3 Rfd8 27.Qg2 Bf8 28.Nh2 Qc7 29.f3 N4c5 30.g5 Nd7 31.f4 Kh8 
32.h4 Nb6 33.h5 Nc4 34.Bc1 Nc5 35.g6 Qd7 36.Nd4 Ne4 37.gxf7 c5 38.Ndf3 
Qxf7 39.Ng5 Qxh5 40.Nxe4 dxe4 41.Rxd8 Rxd8 42.Qxe4 Nxb2 43.Be3 Nd1 44.e6 
Rd2 0-1

[Event "49th URS-ch"]
[Site "Frunze URS"]
[Date "1981.12.??"]
[Round "7"]
[White "Romanishin, Oleg"]
[Black "Beliavsky, Alexander"]
[Result "1-0"]
[WhiteElo "2590"]
[BlackElo "2615"]
[EventDate "1981.11.27"]
[PlyCount "81"]

1.c4 c6 2.d4 d5 3.e3 Nf6 4.Nc3 g6 5.Nf3 Bg7 6.Bd3 O-O 7.O-O Bg4 8.h3 Bxf3 
9.Qxf3 e6 10.Rd1 Nbd7 11.a3 ( 11.Qe2 Re8 12.b3 e5 13.dxe5 Nxe5 14.Bb2 d4 
15.Bc2 c5 16.exd4 Nc6 ) ( 11.Bd2 dxc4 12.Bxc4 e5 13.Be1 exd4 14.exd4 Nb6 )
11...Re8 12.Qe2 Qe7 ( 12...e5 13.dxe5 ( 13.cxd5 exd4 14.dxc6 bxc6 ) 13...
Nxe5 14.cxd5 cxd5 15.Bb5 ) 13.Bd2 a6 14.Rac1 e5 ( 14...Rac8 ) ( 14...b5 ) 
15.cxd5 cxd5 ( 15...e4 16.Bc4 ) ( 15...exd4 16.dxc6 bxc6 17.exd4 ) 16.dxe5
Qxe5 ( 16...Nxe5 17.Bb1 Nc6 18.Qd3 Rad8 19.Ne2 Ne4 ) 17.Be1 Nc5 18.Bb1 ( 
18.Bc2 ) 18...Nb3 19.Rc2 d4 20.exd4 Nxd4 21.Qxe5 Rxe5 22.Rcd2 Rae8 23.Kf1 
Nc6 24.f4 Ra5 ( 24...R5e7 25.Bh4 ) 25.Bf2 Nh5 26.Nd5 ( 26.Bb6 Bxc3 ) 26...
Nf6 27.Nb6 Rh5 28.Nc4 Bf8 29.Ba2 ( 29.g4 Rxh3 30.Kg2 Rb3 31.Bc2 Rb5 32.Ba4
Nxg4 ) ( 29.Nd6 Bxd6 30.Rxd6 Ne4 31.Rd7 Nxf2 32.Kxf2 Rb5 ) 29...Ne4 30.Re2
Bc5 31.Nd2 ( 31.g4 Bxf2 ( 31...Rxh3 32.Bxc5 ( 32.Kg2 Bxf2 33.Kxh3 Nd4 ) 
32...Rh1+ 33.Bg1 Ng3+ 34.Kg2 Rxg1+ 35.Rxg1 Nxe2 ) 32.gxh5 Ng3+ 33.Kxf2 
Nxe2 34.Re1 Ncd4 35.Nd6 Re7 36.Bxf7+ Kg7 37.Bc4 ) 31...Nxd2+ ( 31...Bxf2 
32.Nxe4 ) 32.Rdxd2 Rxe2 33.Kxe2 Bxf2 34.Kxf2 Rc5 ( 34...Rb5 35.Ke3 ( 35.b4
a5 36.Bc4 Rf5 ) 35...a5 ) 35.Ke3 g5 ( 35...b5 36.Rd7 Rc2 37.Bxf7+ ( 37.
Rxf7 Rxb2 ) 37...Kh8 38.b4 Rxg2 39.Bd5 ) 36.Rd7 gxf4+ 37.Kxf4 Rc2 38.Rxb7 
Na5 ( 38...Rxg2 39.Bxf7+ Kh8 40.Bd5 ) 39.Rb8+ Kg7 40.Bd5 Nc4 41.Rb7 ( 41.
Rb7 Nxb2 42.Rxf7+ Kh8 43.Rxh7+ Kxh7 44.Be4+ ) 1-0

[Event "49th URS-ch"]
[Site "Frunze URS"]
[Date "1981.12.??"]
[Round "14"]
[White "Yudasin, Leonid"]
[Black "Romanishin, Oleg"]
[Result "1/2-1/2"]
[WhiteElo "2365"]
[BlackElo "2590"]
[EventDate "1981.11.27"]
[PlyCount "180"]

1.e4 e5 2.Nf3 Nc6 3.Bb5 a6 4.Ba4 Nf6 5.O-O Be7 6.Re1 d6 7.c3 Bg4 8.d3 O-O 
9.Nbd2 Re8 10.h3 Bd7 11.Nf1 Bf8 12.Ng3 g6 13.d4 Bg7 14.a3 Na5 15.Bc2 c5 
16.b3 cxd4 17.cxd4 exd4 18.Nxd4 Rc8 19.Bf4 h5 20.Nf3 h4 21.Nf1 d5 22.e5 
Ne4 23.Bxe4 dxe4 24.Bg5 Qc7 25.Rxe4 Bf5 26.Rxh4 Bc2 27.Qe2 Qc3 28.Re1 Bd3 
29.Qd2 Bxf1 30.Kxf1 Nxb3 31.Qd5 Nc5 32.Rd1 Ne6 33.Qxb7 Qxa3 34.Bf6 Rc1 35.
Qd7 Rxd1+ 36.Qxd1 Bxf6 37.exf6 Rd8 38.Qb1 Rc8 39.Ne1 Qc3 40.Qb7 Re8 41.Re4
Qxf6 42.Qxa6 Rb8 43.Kg1 Rb1 44.Qd3 Rc1 45.Qe2 Qc3 46.Kh2 Qc7+ 47.g3 Qc3 
48.h4 Kg7 49.Re3 Qa1 50.Qd2 Rd1 51.Qb4 Rb1 52.Qe4 Rd1 53.Nc2 Qb2 54.Re2 
Qb5 55.Ne3 Rd4 56.Qc2 Qe5 57.Ng2 Qf6 58.Qb2 Rd8 59.Qxf6+ Kxf6 60.Ne3 Rd4 
61.Ra2 Nc5 62.Kg2 Ne6 63.Ra7 Kg7 64.Kh3 Nc5 65.Ng4 Nd7 66.Ra2 f5 67.Nh2 
Rd3 68.Kg2 Ne5 69.Ra5 Kf6 70.Ra6+ Kg7 71.Re6 Rd5 72.Nf1 Kf7 73.Ra6 Rd4 74.
Ra5 Ke6 75.Nh2 Rb4 76.Ra6+ Kf7 77.Ra2 Kf6 78.f4 Nc4 79.Nf3 Rb2+ 80.Rxb2 
Nxb2 81.Ne5 Na4 82.Kf3 Nc5 83.Ke3 Ne6 84.Nc6 Ng7 85.Kf3 Ne6 86.g4 fxg4+ 
87.Kxg4 Ng7 88.Nb4 Nf5 89.Nd5+ Kg7 90.Kg5 Nd6 1/2-1/2

[Event "49th URS-ch"]
[Site "Frunze URS"]
[Date "1981.12.??"]
[Round "15"]
[White "Psakhis, Lev"]
[Black "Kupreichik, Viktor"]
[Result "1-0"]
[WhiteElo "2535"]
[BlackElo "2580"]
[EventDate "1981.11.27"]
[PlyCount "55"]

1.d4 Nf6 2.c4 c6 3.Nf3 d5 4.Nc3 dxc4 5.a4 Bf5 6.Nh4 Bg4 7.f3 Bh5 ( 7...Bd7
8.e4 e6 9.g3 b5 ) 8.g4 e5 9.dxe5 Nfd7 10.Ng2 Bg6 11.f4 h5 12.e4 hxg4 13.
Qxg4 Nc5 14.Bxc4 Bh5 15.Qh3 Nba6 16.Bxa6 bxa6 17.O-O Nb3 18.Rb1 Be2 19.
Qxh8 Bxf1 20.Be3 Bxg2 21.Rd1 Qc8 22.Kxg2 Rb8 23.f5 Qc7 24.e6 fxe6 25.fxe6 
Qe5 26.Rf1 Qd6 27.Qh5+ Kd8 28.Rd1 1-0

[Event "49th URS-ch"]
[Site "Frunze URS"]
[Date "1981.12.??"]
[Round "16"]
[White "Kupreichik, Viktor"]
[Black "Yusupov, Artur"]
[Result "0-1"]
[WhiteElo "2580"]
[BlackElo "2575"]
[EventDate "1981.11.27"]
[PlyCount "71"]

1.e4 e5 2.Nf3 Nc6 3.Bb5 a6 4.Ba4 Nf6 5.O-O Nxe4 6.d4 b5 7.Bb3 d5 8.dxe5 
Be6 9.Re1 Nc5 10.Bg5 ( 10.Ng5 Qd7 11.Nxe6 fxe6 ) 10...Be7 11.Bxe7 Nxe7 12.
c3 Nxb3 13.Qxb3 ( 13.axb3 c5 14.b4 cxb4 15.cxb4 O-O ) 13...c5 14.a4 O-O 
15.axb5 Qb6 16.Qa4 Bd7 17.Nbd2 Bxb5 18.Qh4 Ng6 19.Qg4 ( 19.Qg3 ) 19...Qe6 
20.Qg3 Qf5 21.b4 Rac8 22.bxc5 Rxc5 23.e6 Rxc3 24.e7 Re8 25.Nd4 Rxg3 26.
Nxf5 Rc3 27.Nf3 Rc7 28.N3d4 Bc4 29.Rab1 h5 30.Rb6 Bd3 31.f3 Nxe7 32.Re3 
Rc1+ 33.Kf2 Rf1+ 34.Kg3 Bxf5 35.Rxe7 Rxe7 36.Nxf5 0-1

[Event "49th URS-ch"]
[Site "Frunze URS"]
[Date "1981.12.??"]
[Round "16"]
[White "Timoschenko, Gennady"]
[Black "Tseshkovsky, Vitaly"]
[Result "1/2-1/2"]
[WhiteElo "2510"]
[BlackElo "2575"]
[EventDate "1981.11.27"]
[PlyCount "36"]

1.e4 e5 2.Nf3 Nc6 3.Bb5 a6 4.Ba4 Nf6 5.O-O Be7 6.Re1 b5 7.Bb3 O-O 8.c3 d5 
9.exd5 Nxd5 10.Nxe5 Nxe5 11.Rxe5 c6 12.Bxd5 cxd5 13.d4 Bd6 14.Re3 Qh4 15.
h3 Qf4 16.Re5 Qf6 17.Re3 Qf4 18.Re5 Qf6 1/2-1/2